Cost control in the Chinese construction sector (Record no. 82688)
[ view plain ]
| 000 -LEADER | |
|---|---|
| fixed length control field | 00830cab a22001935a 4500 |
| 001 - CONTROL NUMBER | |
| control field | L151015 |
| 008 - FIXED-LENGTH DATA ELEMENTS--GENERAL INFORMATION | |
| fixed length control field | 100923e2010 xxk 000 0 eng d |
| 035 ## - SYSTEM CONTROL NUMBER | |
| System control number | (Sirsi) u151015 |
| 041 0# - LANGUAGE CODE | |
| Language code of text/sound track or separate title | eng |
| 100 1# - MAIN ENTRY--PERSONAL NAME | |
| Personal name | Ho, Peter K M |
| 245 00 - TITLE STATEMENT | |
| Title | Cost control in the Chinese construction sector |
| 260 ## - PUBLICATION, DISTRIBUTION, ETC. | |
| Date of publication, distribution, etc. | 2010 |
| 490 ## - SERIES STATEMENT | |
| Series statement | Project Control Professional |
| Volume/sequential designation | 48(5) September 2010, 16-22(7) |
| 520 ## - SUMMARY, ETC. | |
| Summary, etc. | History of cost control and cost engineering in China; the cost control process normally involves 5 key stages, feasibility stage, preliminary design stage, detailed design stage, construction stage, and post-completion stage; the tendering and bidding system; bills of quantities and all-in rates; contract forms; qualification control. |
| 590 ## - LOCAL NOTE (RLIN) | |
| Local note | KA |
| 651 #4 - SUBJECT ADDED ENTRY--GEOGRAPHIC NAME | |
| Geographic name | United Kingdom |
| Chronological subdivision | |
| 690 ## - LOCAL SUBJECT ADDED ENTRY--TOPICAL TERM (OCLC, RLIN) | |
| Topical term or geographic name as entry element | Procurement |
| 9 (RLIN) | 6260 |
| 942 ## - ADDED ENTRY ELEMENTS (KOHA) | |
| Suppress in OPAC | 0 |
| Withdrawn status | Lost status | Source of classification or shelving scheme | Damaged status | Not for loan | Home library | Current library | Shelving location | Date acquired | Total Checkouts | Full call number | Barcode | Date last seen | Copy number | Price effective from | Koha item type |
|---|---|---|---|---|---|---|---|---|---|---|---|---|---|---|---|
| Dewey Decimal Classification | London | London | Journal article | 23/09/2010 | L151015 | 151015-1001 | 06/08/2019 | 1 | 06/08/2019 | Journal article |